LEADER 01199nam0-22004091i-450- 001 990006770270403321 005 20110519190447.0 010 $a88-453-0566-X 035 $a000677027 035 $aFED01000677027 035 $a(Aleph)000677027FED01 035 $a000677027 100 $a20110519d1992----km-y0itay50------ba 101 0 $aita 102 $aIT 105 $ay-------001yy 200 1 $a<>gestione della finanza internazionale$emetodi e strumenti per un vantaggio competitivo nei mercati finanziari$fGiorgio Pellicelli 210 $aMilano$cEtas libri$d1992 215 $aX, 414 p.$d24 cm 225 1 $aGestione d'impresa$iFinanza 610 0 $aDirezione aziendale 676 $a343.04$v11$zita 700 1$aPellicelli,$bGiorgio$083240 801 0$aIT$bUNINA$gRICA$2UNIMARC 901 $aBK 912 $a990006770270403321 952 $aVI H 306$b20214$fFSPBC 952 $aK 106$bs.i.$fDSS 952 $aG-16-TB$b4638 DEA$fECA 952 $a62 658.15 PEL$bSPEC.NE 9$fDAGEA 952 $aG-63-TB$b8744$fECA 959 $aDSS 959 $aFSPBC 959 $aECA 959 $aDAGEA 996 $aGestione della finanza internazionale$9196251 997 $aUNINA